| 000 | 00718am a2200265a 44500 | ||
|---|---|---|---|
| 003 | AR-BaBNM | ||
| 005 | 20251128203259.0 | ||
| 008 | 011101s1983 #AR|||||||||||000 | spa|| | ||
| 020 | _a2-01-0101-38-3 | ||
| 040 | _cAR-BaBNM | ||
| 100 | 1 | _aMakowski, F. | |
| 245 | 1 | 0 |
_aLe p'tit Manuel _bmethode de français. 1 |
| 260 |
_aParis _bHachette _c1983 |
||
| 300 |
_a132 p. _bil. |
||
| 500 | _aEste libro viene con cassette y guía pedagógica que la biblioteca no posee | ||
| 650 | 4 | _aENSEÑANZA DE IDIOMAS | |
| 650 | 4 | _aFRANCES | |
| 650 | 4 | _aGRAMATICA | |
| 650 | 4 | _aVOCABULARIO | |
| 650 | 4 | _aACTIVIDADES DE APRENDIZAJE | |
| 650 | 4 | _aLIBROS DE TEXTO | |
| 700 | 1 | _aLacorte, R. | |
| 942 | _cBK | ||
| 998 | _cCarmen | ||
| 999 |
_c2698 _d2698 |
||